Pays les plus pollueurs du monde en 2017 - Statistiques

Statistiques générales
  • Ce quiz a été pris 114 fois
  • Le résultat moyen est 6 sur 10
Statistiques - réponses
CO2 (en tonnes) Pays % Correct
15,74 États-Unis
99%
7,72 Chine
97%
5,2 France
91%
9,7 Allemagne
77%
16,85 Canada
64%
6,09 Espagne
64%
19,39 Arabie Saoudite
43%
37,05 Qatar
38%
4,05 Thaïlande
26%
23,49 Koweit
25%
Aucun quiz correspondant
Distribution des résultats
% des personnes avec chaque résultat
Percentile par nombre de réponses
Votre historique - résultats
Vous n’avez pas pris ce quiz